000 00471nam a2200181Ia 4500
008 100920s9999 xx 000 0 und d
082 _b85597
_a24 न 03
100 _aजाधव सतीश.
245 _aझळ.
260 _bशब्द प्रकाशन, सातारा.
_c2003
300 _a195
_bसाधी
365 _b150
520 _aसायो.
630 _aझळ.
650 _aसायो.
730 _aझळ.
942 _cBOOK
999 _c726109
_d726106